| 000 | 00827nam a2200241Ia 4500 | ||
|---|---|---|---|
| 003 | GCL | ||
| 008 | 140319s9999 xx 000 0 ara d | ||
| 040 |
_aGCL / _cGCL |
||
| 082 | 0 | 4 |
_a810.2 _bع م |
| 100 | 1 | _aعمر الدقاق | |
| 245 | 1 | 0 |
_aمصادر التراث العربى فى اللغة والمعاجم والاداب والتراجم / _cعمر الدقاق |
| 300 | _a314 | ||
| 490 |
_aالهيئة العامة للاستعلامات _v0 |
||
| 650 | 0 | 4 | _aالادب العربى |
| 650 | 0 | 4 | _aاللغة العربية |
| 650 | 0 | 4 | _aالتراث العربى |
| 650 | 0 | 4 | _aالمعاجم |
| 650 | 0 | 4 | _aالببليوجرافيات |
| 650 | 0 | 4 | _aالكتب العربية |
| 650 | 0 | 4 | _aالشعر العربى - مجموعات |
| 650 | 0 | 4 | _aالادب العربى - مجموعات |
| 942 |
_2ddc _cBK |
||
| 999 |
_c47659 _d47659 |
||